[Event "22nd North American Open"]
[Site "Las Vegas USA"]
[Date "2012.12.29"]
[Round "7.5"]
[White "Amanov,Z"]
[Black "Lenderman,A"]
[Result "1-0"]
[WhiteElo "2359"]
[BlackElo "2619"]

1.e4 d5 2.exd5 Qxd5 3.Nc3 Qd6 4.d4 c6 5.Nf3 Nf6 6.g3 Bg4 7.Bg2 Nbd7 8.O-O e6
9.Ne2 Qc7 10.h3 Bf5 11.c4 Rd8 12.Nc3 Nb6 13.Qe2 Be7 14.Bf4 Qc8 15.Rac1 h6
16.Rfd1 a6 17.a3 O-O 18.d5 exd5 19.Qxe7 Nxc4 20.g4 Nxb2 21.gxf5 Nxd1 22.Rxd1 Qxf5
23.Be3 Qc8 24.Qb4 Rfe8 25.Na4 Re4 26.Qb3 Rde8 27.Nc5 R4e7 28.Nd4 Qc7 29.Nf5 Re5
30.Nd4 R5e7 31.Rb1 b5 32.Rc1 Rxe3 33.fxe3 Qg3 34.e4 Qg5 35.Rf1 Nxe4 36.Nxe4 Rxe4
37.Nxc6 Rc4 38.Nb4 Rd4 39.Nxd5 Rd2 40.Qf3 Kh8  1-0

[Event "9th Schachtuerken Cup"]
[Site "Paderborn GER"]
[Date "2012.12.29"]
[Round "6.4"]
[White "Karpatchev,A"]
[Black "Schmuecker,Ma"]
[Result "1-0"]
[WhiteElo "2481"]
[BlackElo "2185"]

1.e4 d5 2.exd5 Qxd5 3.Nc3 Qd6 4.d4 Nf6 5.Nf3 c6 6.Ne5 Nbd7 7.Nc4 Qc7 8.Qf3 Nb6
9.Bf4 Qd7 10.h3 Nxc4 11.Bxc4 Qxd4 12.Bb3 e6 13.Rd1 Qb6 14.O-O Be7 15.Be5 O-O
16.Qg3 Nh5 17.Qh2 Qa6 18.Ne4 c5 19.Bd6 Bxd6 20.Rxd6 b6 21.Nxc5 Qa5 22.Nd3 Ba6
23.Rd1 Rfd8 24.Nb4 Rxd6 25.Qxd6 h6 26.c3 Bb7 27.Qe7 Bxg2 28.Bc2 g6 29.Bxg6 Rf8
30.Rd8  1-0

[Event "29th Travemuender Schach-Open"]
[Site "Travemuende GER"]
[Date "2012.12.30"]
[Round "7.45"]
[White "Rosmait,Emily"]
[Black "Park,H"]
[Result "0-1"]
[WhiteElo "1612"]
[BlackElo "1990"]

1.e4 d5 2.exd5 Qxd5 3.Nc3 Qd6 4.d4 Nf6 5.Bc4 a6 6.Bb3 b5 7.Nge2 Bb7 8.O-O e6
9.Bf4 Qc6 10.f3 Bd6 11.Bxd6 cxd6 12.Ng3 d5 13.Nce2 Nbd7 14.Nf4 a5 15.c3 Ba6
16.Re1 Qd6 17.Qd2 O-O 18.a3 Rfb8 19.Nd3 Nb6 20.Ne5 Nc4 21.Qe2 Rc8 22.Nf1 Nxe5
23.dxe5 Qb6+ 24.Kh1 b4 25.Qd1 Bxf1 26.Rxf1 Nd7 27.cxb4 Nxe5 28.bxa5 Rxa5
29.Rc1 Rac5 30.Rxc5 Rxc5 31.Re1 Nd7 32.Ba4 Qc7 33.b4 Rc3 34.Bxd7 Qxd7 35.a4 d4
36.b5 d3 37.h3 d2 38.Kh2 dxe1=Q 39.Qxe1 Qc7+ 40.g3 Rc2+  0-1

[Event "Australian Open 2013"]
[Site "Cammeray AUS"]
[Date "2013.01.02"]
[Round "1.48"]
[White "Press,B"]
[Black "Davis,T2"]
[Result "0-1"]
[WhiteElo "1585"]
[BlackElo "1945"]

1.e4 d5 2.exd5 Qxd5 3.Nc3 Qd6 4.d4 Nf6 5.Nf3 c6 6.Bd3 Bg4 7.Be3 e6 8.O-O Nbd7
9.Ne4 Nxe4 10.Bxe4 Nb6 11.b3 Nd5 12.Bd2 Be7 13.h3 Bh5 14.Qe2 Nf6 15.c3 a5
16.a4 Nxe4 17.Qxe4 Bg6 18.Qe2 O-O 19.Rfe1 Rfd8 20.Bc1 Qd5 21.c4 Qf5 22.g4 Qc2
23.Qe3 c5 24.d5 Bf6 25.Ne5 exd5 26.cxd5 Bxe5 27.Qxe5 Qxb3 28.d6 Qxh3 29.g5 Qf5
30.Qc3 Rxd6 31.f3 h6 32.Re5 Qc2 33.Bb2 Qxc3 34.Bxc3 b6 35.gxh6 Rd3  0-1

[Event "88th Hastings Masters"]
[Site "Hastings ENG"]
[Date "2013.01.02"]
[Round "6.18"]
[White "Gu Xiaobing"]
[Black "Prosviriakov,V"]
[Result "1-0"]
[WhiteElo "2209"]
[BlackElo "2293"]

1.e4 d5 2.exd5 Qxd5 3.Nc3 Qd6 4.d4 Nf6 5.Bc4 c6 6.Nge2 Bf5 7.Ng3 Bg6 8.O-O e6
9.f4 Bxc2 10.Qe2 Be7 11.Re1 h5 12.Bxe6 Qxe6 13.Qd2 Qd7 14.Qxc2 O-O 15.Qd1 h4
16.Nge4 Nxe4 17.Nxe4 Na6 18.Be3 Nb4 19.Bf2 h3 20.Re3 Nd5 21.Rxh3 Nxf4 22.Rf3 Qg4
23.Qf1 Nd5 24.Re1 Bb4 25.Nc3 Bxc3 26.bxc3 b5 27.Rg3 Qd7 28.Be3 Nxe3 29.Rexe3 f6
30.Rg6 Rae8 31.Reg3 Rf7 32.h4 Qd5 33.Rxf6 Qxa2 34.Qf3 Re1+ 35.Kh2 Qd5 36.Rxf7 Qxf7
37.Qxc6 Qf1 38.Rf3 Qg1+ 39.Kg3 Re2 40.Qd5+ Kh7 41.Qh5+ Kg8 42.Rf8+ Kxf8 43.Qxe2 Qb1
44.Qf3+ Ke7 45.Kh2 Qe1 46.h5 a5 47.Qb7+ Kf6 48.Qc6+ Kf7 49.Qg6+ Kf8 50.Qf5+ Ke7
51.Qg5+ Kf7 52.d5 Qxc3 53.d6 Qf6 54.Qxf6+ Kxf6 55.g4 b4 56.g5+ Ke6 57.h6 b3
58.hxg7  1-0

[Event "XXIII Krakow Open"]
[Site "Krakow POL"]
[Date "2013.01.02"]
[Round "7.12"]
[White "Gajek,R"]
[Black "Hirneise,T"]
[Result "1/2-1/2"]
[WhiteElo "2272"]
[BlackElo "2457"]

1.e4 d5 2.exd5 Qxd5 3.Nc3 Qd6 4.d4 Nf6 5.Nf3 c6 6.g3 Bg4 7.Bg2 g6 8.O-O Bg7
9.Bf4 Qd8 10.Re1 O-O 11.h3 Bxf3 12.Qxf3 e6 13.Rad1 Nbd7 14.Ne4 Nxe4 15.Qxe4 Qb6
16.b3 a5 17.c4 a4 18.d5 Nc5 19.Qe3 cxd5 20.cxd5 axb3 21.axb3 Rfe8 22.d6 e5
23.d7 Red8 24.Bxe5 Bxe5 25.Qxe5 Rxd7 26.Rxd7 Nxd7 27.Qe7 Ra2 28.Re3 Qf6 29.Qxf6 Nxf6
30.Bxb7 Rb2 31.Bf3 Kf8 32.Rc3 h5 33.Rc8+ Ke7 34.Rc7+ Ke6 35.Rb7 g5 36.b4 g4
37.hxg4 Nxg4 38.Rb6+ Ke7 39.Rb5 Rb1+ 40.Kg2 Rb2 41.Rb7+ Kf6 42.Bxg4 hxg4
43.Kf1 Ke5 44.Re7+ Kd5 45.Rd7+ Ke5 46.Re7+ Kd5 47.Rxf7 Rxb4 48.Re7 Rb2 49.Re2 Rxe2
50.Kxe2 Ke4 51.Ke1 Ke5 52.Kd1 Kd5 53.Kd2 Kd4 54.Kd1 Kd5 55.Ke2 Ke4 56.Kf1 Kd5
57.Kg2 Ke4 58.Kf1 Kd5 59.Ke2 Ke5  1/2-1/2

[Event "18th Bosnjaci Open"]
[Site "Bosnjaci CRO"]
[Date "2013.01.03"]
[Round "1.12"]
[White "Blazeka,Dj"]
[Black "Plenkovic,Z"]
[Result "0-1"]
[WhiteElo "1891"]
[BlackElo "2380"]

1.e4 d5 2.exd5 Qxd5 3.Nc3 Qd6 4.Nf3 g6 5.Be2 Nf6 6.O-O Bg7 7.d3 O-O 8.Ne4 Nxe4
9.dxe4 Nc6 10.Qxd6 cxd6 11.c3 Bd7 12.Be3 Rfc8 13.h3 b5 14.a3 Na5 15.Rad1 Nc4
16.Bxc4 bxc4 17.Bd4 Ba4 18.Rd2 Bh6 19.Re2 e5 20.Be3 Bf8 21.Ne1 Bc6 22.f3 Rcb8
23.Bc1 f5 24.exf5 gxf5 25.f4 Be4 26.g4 Bd3 27.Nxd3 cxd3 28.Rg2 e4 29.gxf5+ Kf7
30.Be3 Bg7 31.Rd1 Bf6 32.Rdd2 Rb5 33.Rg3 Rab8 34.Rgg2 h5 35.Kf1 h4 36.Ke1 Rxf5
37.Rg4 Rfb5 38.Rgg2 Rh5 39.Rh2 Rg8 40.Bf2 Ke6 41.Bd4 Bxd4 42.cxd4 Kd5 43.Rdf2 Rg1+
44.Rf1 Rxf1+ 45.Kxf1 e3 46.Kg2 Ke4  0-1

[Event "18th Bosnjaci Open"]
[Site "Bosnjaci CRO"]
[Date "2013.01.04"]
[Round "2.8"]
[White "Zufic,M"]
[Black "Kovacevic,Sr"]
[Result "1-0"]
[WhiteElo "2439"]
[BlackElo "2111"]

1.e4 d5 2.exd5 Qxd5 3.Nc3 Qd6 4.d4 Nf6 5.Nf3 a6 6.Ne5 Nc6 7.Nxc6 Qxc6 8.d5 Qd6
9.Bc4 Bg4 10.f3 Bf5 11.Be3 g6 12.Qd2 Bg7 13.O-O-O h5 14.Bb3 O-O-O 15.Kb1 Nd7
16.Qf2 Qb4 17.Ne2 h4 18.Nd4 Qd6 19.g4 hxg3 20.hxg3 Nf6 21.Nxf5 gxf5 22.Rxh8 Rxh8
23.c3 Nd7 24.Bc2 Rh3 25.Bf4 Qf6 26.Re1 Bh6 27.Qg2 Rh5 28.g4 fxg4 29.fxg4 Rh4
30.Bxh6 Qxh6 31.a4 Qd6 32.Qf2 Qf6 33.Qe2 e5 34.dxe6 fxe6 35.Qxe6 Qxe6 36.Rxe6 Nc5
37.Re5 b6 38.Rh5 Rxh5 39.gxh5  1-0

[Event "18th Bosnjaci Open"]
[Site "Bosnjaci CRO"]
[Date "2013.01.04"]
[Round "3.9"]
[White "Zovko,Mari"]
[Black "Saric,S"]
[Result "1/2-1/2"]
[WhiteElo "2239"]
[BlackElo "2418"]

1.e4 d5 2.exd5 Qxd5 3.Nc3 Qd6 4.d4 Nf6 5.Nf3 c6 6.Ne5 Nbd7 7.Bf4 Nd5 8.Nxd5 Qxd5
9.Qd3 Nxe5 10.dxe5 Qa5+ 11.Qd2 Qxd2+ 12.Bxd2 Be6 13.O-O-O g6 14.Bc3 Bg7 15.Be2 Bd5
16.f3 O-O 17.b3 Rfc8 18.Kb2 Rab8 19.a4 e6 20.Rhe1 b5 21.axb5 cxb5 22.Bd3 a5
23.Be4 a4 24.Bd4 a3+ 25.Kb1 Bxe4 26.Rxe4 b4 27.f4 Rb7 28.Re2 Bf8 29.Red2 Rbc7
30.Be3 Kg7 31.Bd4 Bc5 32.Bxc5 Rxc5 33.Re2 R8c7 34.g3 Rc3 35.Rdd2 h5 36.Rg2 f6
37.exf6+ Kxf6 38.Rge2 R7c6 39.Rg2 Kf5 40.Rd4 a2+ 41.Kxa2 Rxc2+ 42.Rxc2 Rxc2+
43.Kb1 Rxh2 44.Rxb4 Kg4 45.Re4 Rg2 46.Rxe6 Rxg3 47.Rxg6+ Kxf4 48.Rh6 Rxb3+
49.Kc2 Rb5 50.Kd3 Re5 51.Rh8 Kf3 52.Rf8+ Kg3 53.Rg8+ Kf4 54.Rf8+ Kg4 55.Rg8+ Kf5
56.Rf8+ Kg5 57.Rg8+ Kf6 58.Rg3 h4 59.Re3 Rh5 60.Rh3 Kf5 61.Ke3 Kg4 62.Rh1 h3
63.Rg1+ Kh4 64.Kf4 Ra5 65.Rg4+ Kh5 66.Rg8 Ra3 67.Rh8+ Kg6 68.Kg4 Kg7 69.Rxh3  1/2-1/2

[Event "16th New Year Open"]
[Site "Guben GER"]
[Date "2013.01.04"]
[Round "6"]
[White "Ranft,S"]
[Black "Kasparov,S"]
[Result "0-1"]
[WhiteElo "2199"]
[BlackElo "2475"]

1.e4 d5 2.exd5 Qxd5 3.Nc3 Qd6 4.d4 Nf6 5.Bc4 a6 6.Nge2 Qc6 7.Qd3 Qxg2 8.Rg1 Qh3
9.Qxh3 Bxh3 10.Nf4 Bf5 11.Nfd5 Kd8 12.Bf4 Ne8 13.Ne3 Bg6 14.O-O-O Nd6 15.Bb3 Nd7
16.Ng4 c6 17.Ne5 e6 18.Na4 Ra7 19.Nc5 Nf6 20.Bxe6 fxe6 21.Nxe6+ Ke7 22.Rde1 Be4
23.Nc5 Kd8 24.Nxe4 Nfxe4 25.Rxe4 Nxe4 26.Nf7+ Ke8 27.Nxh8 b5 28.f3 Nf6 29.Be5 Nd5
30.h4 g6 31.Nxg6 hxg6 32.Rxg6 Ne7 33.Rg4 Bh6+ 34.f4 Kf7 35.b3 Rd7 36.Kb2 b4
37.c3 bxc3+ 38.Kxc3 Nd5+ 39.Kb2 Ne3 40.Rg1 Nf5 41.Rc1 Nxd4 42.Bxd4 Rxd4 43.Rxc6 Bg7
44.Kc2 Rxf4 45.Rxa6 Rxh4 46.Ra7+ Kg6 47.Ra6+ Kf5 48.Ra5+ Be5 49.Ra4 Rh3 50.Kd2 Bc3+
51.Kc2 Ke5 52.Rg4 Kd5 53.Rg2 Bd4 54.Rg5+ Be5 55.Rg2 Bf6 56.Rd2+ Kc6 57.Rd3 Rh4
58.Rd2 Kc5 59.Rf2 Be5 60.Re2 Bd4 61.Kd3 Bh8 62.Re4 Rh3+ 63.Re3 Rh1 64.Re4 Bf6
65.Rc4+ Kd5 66.Ra4 Rh3+ 67.Kc2 Bd4 68.Ra8 Rh2+ 69.Kd3 Bc5 70.Rd8+ Bd6 71.Ra8 Kc5
72.Ra4 Kb6 73.Ke4 Bb4 74.Kd5 Rd2+ 75.Ke4 Rd8 76.Ke3 Kc5 77.Ke4 Rd4+ 78.Ke3 Rh4
79.Kd3 Kd5 80.Ra8 Rh3+ 81.Ke2 Kd4 82.Ra4 Kc3 83.Kf2 Rh8 84.Kf3 Rb8 85.Ke4 Kb2
86.Kd5 Ba3 87.Kc4 Rc8+ 88.Kb5 Kxa2 89.b4 Kb3 90.Ra6 Bxb4  0-1

[Event "11th Parsvnath Open"]
[Site "New Delhi IND"]
[Date "2013.01.05"]
[Round "1.30"]
[White "Vignesh,NR"]
[Black "Vakhidov,J"]
[Result "1/2-1/2"]
[WhiteElo "2188"]
[BlackElo "2415"]

1.e4 d5 2.exd5 Qxd5 3.Nc3 Qd6 4.d4 Nf6 5.Nf3 g6 6.Bc4 Bg7 7.O-O O-O 8.Qe2 a6
9.a4 Bg4 10.Rd1 Nc6 11.Be3 Rad8 12.h3 Bxf3 13.Qxf3 Nd7 14.Bd5 Ndb8 15.Bf4 Qd7
16.Bxc6 Nxc6 17.d5 Nb4 18.Qe4 Bxc3 19.bxc3 Nxd5 20.c4 Qe6 21.Qxe6 fxe6 22.Bh6 Nc3
23.Re1 Rf6 24.Ra3 Nd1 25.f3 Rf5 26.Rb3 b6 27.Rxe6 Kf7  1/2-1/2

[Event "18th Bosnjaci Open"]
[Site "Bosnjaci CRO"]
[Date "2013.01.06"]
[Round "5.8"]
[White "Zovko,Mari"]
[Black "Plenkovic,Z"]
[Result "1-0"]
[WhiteElo "2239"]
[BlackElo "2380"]

1.e4 d5 2.exd5 Qxd5 3.Nc3 Qd6 4.d4 Nf6 5.Nf3 g6 6.Bc4 Bg7 7.O-O O-O 8.h3 a6
9.a4 Nc6 10.b3 Rd8 11.Ba3 Qf4 12.Qe2 e6 13.Rad1 Re8 14.Rfe1 Bd7 15.Qd3 Rad8
16.Bc1 Qd6 17.Bg5 Nb4 18.Qd2 Nbd5 19.Ne5 Bc8 20.Bh4 Qf8 21.Nxd5 exd5 22.Bd3 Rd6
23.Qa5 c6 24.Bg3 Rde6 25.c4 Qa3 26.Rb1 Ne4 27.Bxe4 dxe4 28.c5 Bxe5 29.Bxe5 f6
30.Bf4 e3 31.Bxe3 R6e7 32.Qc3 a5 33.d5 cxd5 34.Qxf6 Qb4 35.Red1 Rf7 36.Qb6 Bf5
37.Qxb4 axb4 38.Rbc1 Rd7 39.Rd4 Re6 40.Rxb4 Rc6 41.Rd4 b6 42.cxb6 Rxb6 43.b4  1-0

[Event "18th Bosnjaci Open"]
[Site "Bosnjaci CRO"]
[Date "2013.01.07"]
[Round "7.1"]
[White "Delchev,A"]
[Black "Saric,S"]
[Result "1/2-1/2"]
[WhiteElo "2616"]
[BlackElo "2418"]

1.e4 d5 2.exd5 Qxd5 3.Nc3 Qd6 4.d4 Nf6 5.Nf3 c6 6.g3 Bg4 7.Bg2 e6 8.O-O Be7
9.Bf4 Qd8 10.h3 Bh5 11.g4 Bg6 12.Ne5 Nbd7 13.Nxg6 hxg6 14.Ne2 Nb6 15.b3 Bd6
16.Bg3 Qe7 17.c4 Bc7 18.a4 a5 19.Qd2 O-O 20.Rae1 Rfd8 21.Qe3 Qd7 22.Bf3 Re8
23.Rd1 Nc8 24.Kg2 Ne7 25.Be5 Nh7 26.h4 Rad8 27.Nf4 Nf8 28.Rh1 Bb6 29.g5 Nf5
30.Qe4 Qe7 31.Ne2  1/2-1/2

[Event "Australian Open 2013"]
[Site "Cammeray AUS"]
[Date "2013.01.08"]
[Round "7.32"]
[White "Willathgamuwa,Kevin"]
[Black "Davis,T2"]
[Result "0-1"]
[WhiteElo "1689"]
[BlackElo "1945"]

1.e4 d5 2.exd5 Qxd5 3.Nc3 Qd6 4.d4 Nf6 5.Bd3 Bg4 6.f3 Bh5 7.Nge2 Nc6 8.Bf4 Qd7
9.Qd2 e6 10.O-O-O Bb4 11.a3 Ba5 12.g4 Bg6 13.Bxg6 hxg6 14.Qd3 O-O-O 15.Kb1 Bb6
16.Be3 Rh3 17.Ng1 Rh7 18.Nge2 Nd5 19.Nxd5 Qxd5 20.Bf2 Ne5 21.Qe3 f6 22.Nf4 Qxf3
23.Qxf3 Nxf3 24.Nxe6 Re8 25.Nf4 g5 26.Nh5 Re2 27.Bg3 Bxd4 28.Rd3 Re3 29.Rhd1 c5
30.Rxe3 Bxe3 31.Rd3 Nd2+ 32.Ka2 Nf1 33.Bd6 Bd4 34.Bxc5 Bxc5 35.Rc3 Nxh2 36.Rxc5+ Kd7
37.Rb5 Nxg4 38.Rxb7+ Kc6 39.Nxf6 Nxf6 40.Rxa7 g4 41.b4 g3 42.c4 g2 43.b5+ Kc5
44.Rc7+ Kb6 45.Rc6+ Kb7 46.c5 g1=Q 47.Rb6+ Kc7 48.Rc6+ Kd7 49.Rd6+ Ke7 50.Rc6 Qg3
51.b6 Rh2+ 52.Kb1 Qe1+  0-1

[Event "120th ch-NZL"]
[Site "Wellington NZL"]
[Date "2013.01.08"]
[Round "9.4"]
[White "Smith,Ro"]
[Black "Goodhue,N"]
[Result "1-0"]
[WhiteElo "2212"]
[BlackElo "1990"]

1.e4 d5 2.exd5 Qxd5 3.Nc3 Qd6 4.g3 e5 5.Bg2 Nc6 6.d3 Be6 7.Nf3 f6 8.Be3 a6
9.a3 O-O-O 10.O-O Qd7 11.Re1 Bh3 12.Bh1 Bg4 13.Qb1 h5 14.b4 Nd4 15.Bxd4 exd4
16.Ne4 g5 17.Nc5 Bxc5 18.bxc5 c6 19.Nd2 Ne7 20.Nc4 Kb8 21.Na5 Nd5 22.Bxd5 cxd5
23.c6 Qc7 24.Nxb7 Rdg8 25.Na5+ Kc8 26.Qb7+ Qxb7 27.cxb7+ Kd7 28.Nb3 Rb8 29.Rab1 Kd6
30.Nxd4 Rh7 31.f3 Bh3 32.g4 Rhxb7 33.Re6+ Kd7 34.Rxb7+ Rxb7 35.Rxf6 Rb1+
36.Kf2 hxg4 37.Rxa6 Rf1+ 38.Ke3 Re1+ 39.Kd2 Rh1 40.fxg4 Rxh2+ 41.Kc3 Rg2
42.Rg6 Rxg4 43.Nf3 Rf4 44.Nxg5 d4+ 45.Kb2 Bg4 46.Ne4 Kc7 47.Nf6 Bf3 48.Ne8+ Kd7
49.Rf6 Rxf6 50.Nxf6+ Kc6 51.Ne4 Kb5 52.Nd2  1-0

[Event "Australian Open 2013"]
[Site "Cammeray AUS"]
[Date "2013.01.12"]
[Round "10.8"]
[White "Sukandar,I"]
[Black "Perera,Pasan"]
[Result "1-0"]
[WhiteElo "2362"]
[BlackElo "1923"]

1.e4 d5 2.exd5 Qxd5 3.Nc3 Qd6 4.d4 Nf6 5.Nf3 Bg4 6.g3 Nc6 7.Bg2 O-O-O 8.Be3 Qb4
9.a3 Qxb2 10.Ne2 e5 11.O-O Qb5 12.h3 Bh5 13.Rb1 Qa6 14.g4 exd4 15.Nfxd4 Bg6
16.Bxc6 Qxc6 17.Nxc6 Rxd1 18.Nxa7+ Kb8 19.Rfxd1 Bxa3 20.Nc6+ Kc8 21.Ra1 bxc6
22.Rxa3 Bxc2 23.Rd2  1-0

[Event "TCh-AUT 2 West 2012-13"]
[Site "Bregenz AUT"]
[Date "2013.01.13"]
[Round "8.1"]
[White "Breder,D"]
[Black "Heinzel,O"]
[Result "1-0"]
[WhiteElo "2438"]
[BlackElo "2366"]

1.e4 d5 2.exd5 Qxd5 3.Nc3 Qd6 4.d4 Nf6 5.Nf3 Bg4 6.h3 Bxf3 7.Qxf3 c6 8.Be3 e6
9.O-O-O Be7 10.g4 Nbd7 11.Kb1 Qc7 12.Bc1 O-O 13.h4 Nd5 14.g5 Nxc3+ 15.Qxc3 Bd6
16.Qf3 Rae8 17.Bd3 e5 18.h5 exd4 19.Qf5 g6 20.hxg6 fxg6 21.Bc4+ Kg7 22.Rxh7+  1-0

[Event "38th Seville Open"]
[Site "Seville ESP"]
[Date "2013.01.14"]
[Round "4.20"]
[White "Montero Campuzano,R"]
[Black "Perez Mitjans,O"]
[Result "1/2-1/2"]
[WhiteElo "2072"]
[BlackElo "2496"]

1.e4 d5 2.exd5 Qxd5 3.Nc3 Qd6 4.d4 Nf6 5.Nf3 Bg4 6.h3 Bh5 7.g4 Bg6 8.Ne5 e6
9.Bg2 Qa6 10.Qf3 c6 11.Bd2 Bb4 12.Nxg6 hxg6 13.g5 Nd5 14.Nxd5 Bxd2+ 15.Kxd2 cxd5
16.Qc3 Nc6 17.Qc5 Rc8 18.Bf1 Qa5+ 19.Qxa5 Nxa5 20.h4 Ke7 21.Bd3 Nc4+ 22.Bxc4 Rxc4
23.c3 Rh5 24.Rag1 Rc8 25.b3 b6 26.a4 Rg8 27.a5 b5 28.c4 bxc4 29.bxc4 dxc4
30.Rb1 f6 31.Rb7+ Kd6 32.f4 Rgh8 33.Rxg7 fxg5 34.fxg5 Rxg5 35.hxg5 Rxh1 36.Rxa7 Rh3
37.Rg7 Ra3 38.Rxg6 Rxa5 39.Rg8 Ra3 40.g6 Ke7 41.Rc8 Kf6 42.Rxc4 Kxg6 43.Rc3 Ra1
44.Rf3 Kg5 45.Rf8 Ra5 46.Ke3 Rf5 47.Rg8+ Kf6 48.Ke4 Rh5 49.Rf8+ Ke7 50.Rf2 Kd6
51.Ra2 Rh4+ 52.Ke3 Rh1 53.Ra6+ Ke7 54.Ra7+ Kf6 55.Ra5 Rf1 56.Ke4 Rh1 57.Rb5 Rh4+
58.Ke3 Rg4 59.Ra5 Rg3+ 60.Ke4 Rg1 61.Rb5 Rf1 62.Ra5 Rf5 63.Rxf5+ exf5+ 64.Kf4 Ke6
65.d5+ Kxd5 66.Kxf5  1/2-1/2

[Event "38th Seville Open"]
[Site "Seville ESP"]
[Date "2013.01.15"]
[Round "5.1"]
[White "Haslinger,S"]
[Black "Kjartansson,G"]
[Result "1-0"]
[WhiteElo "2535"]
[BlackElo "2408"]

1.e4 d5 2.exd5 Qxd5 3.Nc3 Qd6 4.d4 Nf6 5.Nf3 a6 6.g3 Bg4 7.h3 Bh5 8.Bg2 Nc6
9.O-O e6 10.Bf4 Qb4 11.a3 Qb6 12.Na4 Qb5 13.b3 O-O-O 14.g4 Nxg4 15.hxg4 Bxg4
16.Re1 Qf5 17.Bg3 h5 18.Qd3 Qxd3 19.cxd3 Bxf3 20.Bxf3 Nxd4 21.Be4 Bd6 22.Rac1 f5
23.Bxd6 Rxd6 24.Bh1 g5 25.Nc5 c6 26.Rc4 Re8 27.Re5 Re7 28.b4 Kb8 29.a4 h4
30.Kh2 Ka7 31.a5 g4 32.Kg1 Rh7 33.Kf1 Rh6 34.Bg2 Rg6 35.Bh1 Rd8 36.Bd5 Rxd5
37.Rxd5 cxd5 38.Rxd4 h3 39.Kg1 Kb8 40.Nd7+ Kc7 41.Ne5 Kd6 42.Nxg6 e5 43.Ne7 exd4
44.Nxf5+ Ke5 45.Ng3 Kd6 46.Ne2 b6 47.axb6 Kc6 48.Nxd4+ Kxb6 49.Kh2 Kc7 50.f3 gxf3
51.Nxf3 Kc6 52.Nd4+ Kd6 53.Kxh3 Ke5 54.Ne2 Kf5 55.Kg3 Kg5 56.Kf3 Kf5 57.Ke3  1-0

[Event "TCh-AUT 2012-13"]
[Site "Graz AUT"]
[Date "2013.01.18"]
[Round "5.1"]
[White "Luther,T"]
[Black "Hera,I"]
[Result "1/2-1/2"]
[WhiteElo "2535"]
[BlackElo "2573"]

1.e4 d5 2.exd5 Qxd5 3.Nc3 Qd6 4.d4 Nf6 5.Be3 c6 6.Bd3 Bg4 7.Qd2 Qc7 8.h3 Bh5
9.f4 e6 10.g4 Bg6 11.f5 exf5 12.gxf5 Bh5 13.Nge2 Nbd7 14.Bf4 Bd6 15.Qe3+ Kf8
16.Qg3 Bxf4 17.Nxf4 Re8+ 18.Kd2 Qd8 19.Rae1 Rxe1 20.Rxe1 g6 21.Nxh5 Nxh5
22.Qd6+ Kg7 23.Re7 Re8 24.Rxe8 Qxe8 25.Ne4 Ndf6 26.Nxf6 Nxf6 27.h4 Qc8 28.Qe5 Qd8
29.c3 Kg8 30.fxg6  1/2-1/2

[Event "TCh-CAT Div Hon 2013"]
[Site "Catalonia ESP"]
[Date "2013.01.19"]
[Round "1.4"]
[White "Vila Gazquez,X"]
[Black "Magem Badals,J"]
[Result "1/2-1/2"]
[WhiteElo "2455"]
[BlackElo "2547"]

1.e4 d5 2.exd5 Qxd5 3.Nc3 Qd6 4.d4 Nf6 5.Bc4 a6 6.Nge2 b5 7.Bb3 Bb7 8.Bf4 Qb6
9.a4 Bxg2 10.Rg1 Bb7 11.Qd3 Nbd7 12.axb5 e6 13.bxa6 Rxa6 14.Rxa6 Bxa6 15.Qf3 Bb7
16.Qd3 g6 17.Qb5 Bd6 18.Qxb6 Nxb6 19.Nb5 Kd7 20.c4 Be4 21.Bd2 Be7 22.c5 Nbd5
23.Nf4 Rb8 24.Na3 Nxf4 25.Bxf4 Bd5 26.Ba4+ Bc6 27.Bxc6+ Kxc6 28.Nc4 Nd5 29.Be3 Kb7
30.Ne5 f6 31.Nd3 Kc6 32.Ke2 Ra8 33.Kd2 Kb5 34.Kc2 g5 35.Kb3 Ra4 36.Kc2 Rc4+
37.Kd2 Ra4 38.Kc2 Rc4+ 39.Kd2 Ra4 40.Kc2 Rc4+  1/2-1/2

[Event "5th Chennai Open 2013"]
[Site "Chennai IND"]
[Date "2013.01.19"]
[Round "4"]
[White "Padmini,R"]
[Black "Sethuraman,S"]
[Result "1-0"]
[WhiteElo "2288"]
[BlackElo "2556"]

1.e4 d5 2.exd5 Qxd5 3.Nc3 Qd6 4.d4 Nf6 5.Nf3 g6 6.h3 Bg7 7.Nb5 Qb6 8.c4 c6
9.Nc3 O-O 10.Be2 Rd8 11.O-O Bf5 12.Qb3 Na6 13.Qxb6 axb6 14.a3 Nb4 15.Be3 Nc2
16.Rac1 c5 17.d5 Nxe3 18.fxe3 Bh6 19.Kf2 e6 20.dxe6 Bxe6 21.Rcd1 Bf5 22.Rxd8+ Rxd8
23.g4 Bxg4 24.hxg4 Nxg4+ 25.Kg3 Nxe3 26.Rb1 g5 27.Nd5 Nxd5 28.cxd5 Rxd5 29.Bc4 Rf5
30.Rd1 Kg7 31.Rd7 g4 32.Nh4 Rf4 33.b3 b5 34.Bxb5 Bg5 35.Rd5 h6 36.Be2 Re4
37.Nf5+ Kf6 38.Bxg4 c4 39.bxc4 Rxc4 40.Rd3 h5 41.Bh3 Bf4+ 42.Kf3 Bc1 43.Nd6 Ra4
44.Nb5 Ke5 45.Rc3 Bb2 46.Rc5+ Kf6 47.Rc2 Be5 48.Bc8 h4 49.Kg2 b6 50.Rf2+ Ke7
51.Bf5 Rf4 52.Rxf4 Bxf4 53.Nd4 Kd6 54.Bd3 Kc5 55.Ne2 Bd2 56.a4 Be1 57.Kh3 Kb4
58.Bb5 Bf2 59.Nf4 Kc3 60.Ng2 Kd4 61.Nxh4 Ke5 62.Kg4 Bc5 63.Bc4 f6 64.Ng6+ Ke4
65.Be6 Bd6 66.Bc8 Kd5 67.Kf5 Kc6 68.Ba6 Bc5 69.Kxf6 Kd6 70.Bc4 Bd4+ 71.Kf5 Bc5
72.Ke4 Bg1 73.Nh4 Bc5 74.Nf5+ Kc7 75.Kd5 Bf2 76.Ba6 Bg1 77.Nd4 Bf2 78.Ne6+ Kd7
79.Bb5+ Kc8 80.Kc6 Kb8 81.Nf8 Ka7 82.Nd7 Be3 83.Kc7 Bf4+ 84.Kc8 Bd6 85.Be2 Bg3
86.Nf8 Bd6 87.Ne6 b5 88.axb5 Kb6 89.Kd7 Bh2 90.Nf8 Kc5 91.Kc8 Bg1 92.Kc7 Bh2+
93.Kb7 Kd6 94.Kc8 Bg1 95.Nd7 Bf2 96.Nf6 Bd4 97.Ne8+ Ke7 98.Bh5 Ke6 99.Kc7 Kd5
100.Kb7 Kc4 101.Ka6 Kb4 102.Nc7 Bf2 103.Be2 Bg1 104.Ne6 Be3 105.Kb7 Bg1 106.Kc6 Bf2
107.Nf4 Bg1 108.Nd3+ Ka5 109.Nc5 Kb4 110.Nd3+ Ka5 111.Ne5 Kb4 112.b6 Bxb6
113.Kxb6 Kc3 114.Kc5 Kd2 115.Bb5 Ke3 116.Kd5 Kf4 117.Nd3+ Kf5 118.Bd7+ Kf6
119.Be6 Kg6 120.Ke5 Kg7 121.Nf4 Kf8 122.Ng6+ Kg7 123.Kf5 Kh6 124.Kf6 Kh5
125.Bf5 Kh6 126.Bg4 Kh7 127.Ne5 Kh6 128.Nf7+ Kh7 129.Bf5+ Kg8 130.Bg6 Kf8
131.Bh7 Ke8 132.Ne5 Kd8 133.Ke6 Kc7 134.Nd7 Kc6 135.Bd3 Kc7 136.Be4 Kd8 137.Kd6 Ke8
138.Bg6+ Kd8 139.Bf7 Kc8 140.Nc5 Kd8 141.Nb7+ Kc8 142.Kc6 Kb8 143.Be6 Ka7
144.Nc5 Kb8 145.Kb6 Ka8 146.Bc8 Kb8 147.Ba6  1-0

[Event "PSC Cup 2013"]
[Site "Manila PHI"]
[Date "2013.01.19"]
[Round "8.6"]
[White "Segarra,R"]
[Black "Barbosa,O PHI"]
[Result "1/2-1/2"]
[WhiteElo "2311"]
[BlackElo "2574"]

1.e4 d5 2.exd5 Qxd5 3.Nc3 Qd6 4.d4 Nf6 5.Nf3 c6 6.h3 g6 7.Bd3 Bg7 8.O-O O-O
9.a4 Nd5 10.Nxd5 cxd5 11.Re1 Nc6 12.c3 Bf5 13.Bxf5 gxf5 14.Nh4 e6 15.Qh5 Ne7
16.b3 Rfe8 17.Bg5 Qd7 18.Bxe7 Rxe7 19.Re3 Kh8 20.Rae1 Ree8 21.Rg3 Rg8 22.Nf3 Bf6
23.Ng5 Bxg5 24.Rxg5 Rxg5 25.Qxg5 Qd8 26.Qf4 Qb8 27.Qg5 Qd8 28.Qf4 Qb8 29.Qg5 Qd8
30.Qf4 Qb8  1/2-1/2

[Event "Marianske Lazne GM 2013"]
[Site "Marianske Lazne CZE"]
[Date "2013.01.19"]
[Round "2.2"]
[White "Talla,V"]
[Black "Fries Nielsen,JO"]
[Result "1-0"]
[WhiteElo "2387"]
[BlackElo "2370"]

1.e4 d5 2.exd5 Qxd5 3.Nc3 Qd8 4.d4 g6 5.Bc4 Bg7 6.Nf3 Nh6 7.Bf4 Nf5 8.Qd2 Nd6
9.Bb3 Nc6 10.Ne5 Na5 11.O-O-O Nxb3+ 12.axb3 c6 13.Kb1 Be6 14.Rhe1 a5 15.Bh6 Bxe5
16.Rxe5 a4 17.Nxa4 b5 18.Nc5 Bd5 19.Bg7 Rg8 20.Bf6 Nf5 21.Rde1 Ra7 22.g4 Qd6
23.Qf4 Kf8 24.Rxe7 Qxf6 25.Rxa7 Qxd4 26.Ra8+ Kg7 27.Rxg8+ Kxg8 28.Qb8+ Kg7
29.Nd7 Qxg4 30.Qf8+  1-0

[Event "Frau Bundesliga Div1 2012-13"]
[Site "Germany GER"]
[Date "2013.01.20"]
[Round "7.3"]
[White "Levushkina,E"]
[Black "Steinbacher,C"]
[Result "1-0"]
[WhiteElo "2288"]
[BlackElo "2134"]

1.e4 d5 2.exd5 Qxd5 3.Nc3 Qd6 4.d4 c6 5.Nf3 Bg4 6.h3 Bxf3 7.Qxf3 Nf6 8.Be3 e6
9.Bd3 Nbd7 10.O-O Qc7 11.Rfe1 Be7 12.a3 O-O 13.Ne2 c5 14.Bf4 Qb6 15.c3 Rfe8
16.Bc2 Rac8 17.Rab1 Qc6 18.Qxc6 Rxc6 19.dxc5 Bxc5 20.Rbd1 b5 21.a4 a6 22.axb5 axb5
23.Bd3 Rb6 24.Ra1 b4 25.Ra6 Rxa6 26.Bxa6 Ra8 27.Bb5 bxc3 28.Nxc3 Nb6 29.Bc6 Rd8
30.Kf1 Nc4 31.Rd1 Rc8 32.Bb7 Rf8 33.Na4 Be7 34.Rc1 Na5 35.Bf3 Nb3 36.Rc7 Bb4
37.Nc3 Nd4 38.Rc4 Bxc3 39.Rxc3 Nxf3 40.Rxf3 Nd5 41.Ke1 f6 42.Bd2 Rb8 43.b3 Kf7
44.Kd1 e5 45.Kc2 Ke6 46.Rg3 Rb7 47.Rg4 Kd6 48.Ra4 Nc7 49.Be3 Nb5 50.Kd3 Kd5
51.f3 Rc7 52.Bd2 Nd4 53.Ra5+ Ke6 54.b4 Rd7 55.Ra6+ Kd5 56.Be3 Nb5 57.Bc5 f5
58.Rb6 Na3 59.Rb8 Kc6+ 60.Kc3 Nb5+ 61.Kb3 Nd4+ 62.Kc4 Ne6 63.Rb6+  1-0

[Event "Marianske Lazne IM 2013"]
[Site "Marianske Lazne CZE"]
[Date "2013.01.20"]
[Round "3.1"]
[White "Chernyshova,N"]
[Black "Gajic,Ml"]
[Result "1/2-1/2"]
[WhiteElo "2088"]
[BlackElo "2278"]

1.e4 d5 2.exd5 Qxd5 3.Nc3 Qd6 4.d4 Nf6 5.h3 a6 6.Nf3 b5 7.Be3 Bb7 8.Be2 Nbd7
9.O-O e6 10.a3 Be7 11.Qd2 O-O 12.Rfd1 Rfd8 13.Bf4 Qb6 14.b4 Bd6 15.Be3 Nd5
16.Ne4 Nxe3 17.Qxe3 Bd5 18.Nfd2 Qc6 19.Bf3 f5 20.Ng5 Re8 21.Nxe6 Nf8 22.Bxd5 Qxd5
23.Nf4 Bxf4 24.Qxf4 Ne6 25.Qf3 Qxd4 26.Nb3 Qf6 27.Rd7 f4 28.Rad1 Kh8 29.Nd4 Ng5
30.Qc6 Rad8 31.Qxf6 gxf6 32.Nf3 Nxf3+ 33.gxf3 Rxd7 34.Rxd7 Re1+ 35.Kg2 Ra1
36.Rxc7 Rxa3 37.h4 Kg8 38.c3 h5 39.Rc6 Kf7 40.Kf1 Ke7 41.Ke2 f5 42.Rc5 Ra2+
43.Ke1 Ra1+  1/2-1/2

[Event "75th Tata Steel GpB"]
[Site "Wijk aan Zee NED"]
[Date "2013.01.20"]
[Round "8.4"]
[White "Movsesian,S"]
[Black "Tiviakov,S"]
[Result "1/2-1/2"]
[WhiteElo "2688"]
[BlackElo "2655"]

1.e4 d5 2.exd5 Qxd5 3.Nc3 Qd6 4.d4 Nf6 5.Nf3 Bg4 6.Be2 c6 7.O-O Nbd7 8.h3 Bh5
9.Bg5 e6 10.Bh4 Bxf3 11.Bxf3 Qc7 12.Re1 Be7 13.Bg3 Bd6 14.Bxd6 Qxd6 15.d5 cxd5
16.Nxd5 O-O-O 17.Nc3 Qxd1 18.Raxd1 a6 19.Rd4 Nb6 20.Rb4 Nbd5 21.Rb3 Rd7 22.Nxd5 Nxd5
23.Rd1 b5 24.Bxd5 Rxd5 25.Rxd5 exd5 26.Ra3 Kb7 27.Re3 Rc8 28.c3 Kc6 29.Kf1 Kd6
30.Ke2 b4 31.Kd2 a5 32.cxb4  1/2-1/2